Internal Combustion Engines (Record no. 318364)
[ view plain ]
| 000 -LEADER | |
|---|---|
| fixed length control field | 00405nam a2200157Ia 4500 |
| 008 - FIXED-LENGTH DATA ELEMENTS--GENERAL INFORMATION | |
| fixed length control field | 230718s9999 xx 000 0 und d |
| 041 ## - LANGUAGE CODE | |
| Language code of text/sound track or separate title | eng |
| 082 ## - DEWEY DECIMAL CLASSIFICATION NUMBER | |
| Classification number | 621.43 |
| Item number | THI |
| 100 ## - MAIN ENTRY--PERSONAL NAME | |
| Personal name | Thipse S.S. |
| 9 (RLIN) | 148128 |
| 245 ## - TITLE STATEMENT | |
| Title | Internal Combustion Engines |
| 260 ## - PUBLICATION, DISTRIBUTION, ETC. (IMPRINT) | |
| Name of publisher, distributor, etc. | Jaico Publishing House |
| 300 ## - PHYSICAL DESCRIPTION | |
| Extent | 777 |
| 365 ## - TRADE PRICE | |
| Currency code | Rs. |
| Price amount | 395.00 |
| 700 ## - ADDED ENTRY--PERSONAL NAME | |
| Personal name | Thipse S.S. |
| 9 (RLIN) | 148128 |
| 906 ## - LOCAL DATA ELEMENT F, LDF (RLIN) | |
| d | B:321021-Jan-2008 |
| c | MECH |
| b | 79 |
| Withdrawn status | Lost status | Damaged status | Not for loan | Home library | Current library | Date acquired | Vendor | Budget Code | Cost, normal purchase price | Bill number | Total Checkouts | Full call number | Barcode | Date last seen | Discount | Cost, replacement price | Bill Date | Koha item type | Original Barcode |
|---|---|---|---|---|---|---|---|---|---|---|---|---|---|---|---|---|---|---|---|
| Cummins College of Engineering for Women Pune | Cummins College of Engineering for Women Pune | 13/02/2008 | Tbs | MECH | 316.00 | 3210 | 621.43 | CCEP-BK-29571 | 18/07/2023 | 79 | 395.00 | 21/01/2008 | Books | 029571 |